Ekonomický cyklus, hospodářská politika a bohatství zemí
Enregistré dans:
| Auteur principal: | |
|---|---|
| Autres auteurs: | |
| Format: | Livre |
| Langue: | tchèque anglais |
| Publié: |
Praha
Vysoká škola ekonomická v Praze - Nakladatelství Oeconomica
2012
|
| Sujets: | |
| Tags: |
Pas de tags, Soyez le premier à ajouter un tag!
|
MARC
| LEADER | 00000nam a2200000 4500 | ||
|---|---|---|---|
| 001 | 0198147 | ||
| 005 | 20240313085724.2 | ||
| 020 | |a 978-80-245-1863-3 | ||
| 041 | 0 | |a cze | |
| 041 | 0 | |a eng | |
| 044 | |a CZ | ||
| 245 | 1 | 0 | |a Ekonomický cyklus, hospodářská politika a bohatství zemí |c Slavoj Czesaný, Zdenka Johnson |
| 264 | 1 | |a Praha |b Vysoká škola ekonomická v Praze - Nakladatelství Oeconomica |c 2012 | |
| 300 | |a 235 s. | ||
| 610 | 2 | 0 | |a cykly hospodárske |
| 610 | 2 | 0 | |a politika hospodárska |
| 610 | 2 | 0 | |a bohatstvo národné |
| 610 | 2 | 0 | |a rast hospodársky |
| 610 | 2 | 0 | |a kríza hospodárska |
| 610 | 2 | 0 | |a kríza finančná |
| 610 | 2 | 0 | |a politika menová |
| 610 | 2 | 0 | |a politika fiškálna |
| 610 | 2 | 0 | |a politika sociálna |
| 610 | 2 | 0 | |a energetika |
| 610 | 2 | 0 | |a kapitál ľudský |
| 610 | 2 | 0 | |a kapitál finančný |
| 610 | 2 | 0 | |a rozvoj hospodársky |
| 100 | 1 | |a Czesaný, Slavoj | |
| 700 | 1 | |a Johnson, Zdenka | |